000 00512nam a2200181Ia 4500
008 090124s9999 xx 000 0 und d
082 _b15616
_a3776
100 _aमिरासदार द.मा.
245 _a मिरासदारी
250 _a1
260 _c1966
300 _a346
600 _aमिरासदार द.मा.
630 _a मिरासदारी
700 _aमिरासदार द.मा.
730 _a मिरासदारी
942 _cBOOK
999 _c129556
_d129556